000 00707nam a2200289Ia 4500
005 20260324133926.0
008 008 260324s9999 xx 000 0 eng d
020 _a9781315801728
037 _aEBOOK
040 _aCRL
040 _beng
040 _cCRL
041 _2eng
041 _aeng
084 _qCRL
100 _aJean M Baker
_91194906
245 0 _aHow Homophobia Hurts Children
245 0 _bNurturing Diversity at Home, at School, and in the Community
260 _bTaylor and Francis
260 _c2002
365 _a
365 _b230
856 _uhttp://www.taylorfrancis.com/books/9781315801728
942 _cEBOOK
999 _c1794467
_d1794467